All CoD BO1 characters - Statistics

General Stats
  • This quiz has been taken 17 times
  • The average score is 5 of 11
Answer Stats
Hint Answer % Correct
Principal character Mason
100%
Principal Special operation force member Woods
93%
He think he is always with him Reznov
79%
We need to kill him in the first mission Fidel Castro
43%
One of them who brainwashed the principal character Kravchenko
36%
One of the maine antagonist from russia Dragovich
29%
Escaped wih you and die at Vorkuta Sergei
29%
You try to get information from him in Hong Kong Clarke
21%
He is responsible for the development of nova 6,he is a N*z*s Fredrich Steiner
14%
The president in Five Kennedy
14%
Supporting the principal character Weaver
14%
No matching quizzes found
Score Distribution
Percent of People with Each Score
Percentile by Number Answered
Your Score History
You have not taken this quiz